000
003040000a22001210004500
008
230817t1994 ||||| |||| 00| 0 eng d
022
_a
01975439
245
_a
World refugee survey 1994
260
_a
Washington:
_b
U.S. Committee for Refugees,
_c
1994
300
_b
176 p.
650
_a
REFUGEES
942
_c
CR
999
_c
2733
_d
2733